000 00527nam a2200181 a 4500
005 20140310183433.0
008 080111s19uu xx 00 eng d
020 _a0131197673
050 _aHD 62.5
_b.M3567 2007
100 _aMariotti, Steve
245 _aEntrepreneurship :
_bstarting and operating a small business /
_cSteve Mariotti
260 _aU.S.A :
_bPrentice HAll,
_c2007.
300 _a470 p. :
_bill. col. ;
_c24 cm.
521 _aBSBA
650 _aEntrepreneurship.
942 _cBK
_2lcc
_kFOR
999 _c22777
_d22777